[Event "SC Forchheim-USV Volksbank Halle"]
[Site "?"]
[Date "2009.12.28"]
[Round "3.2"]
[White "Wernsdörfer, Fabio"]
[Black "Altstadt, Karl-Simon"]
[Result "0-1"]
[WhiteElo "1293"]
[BlackElo "1349"]
[PlyCount "148"]
[EventDate "2009.??.??"]
[WhiteTeam "SC Forchheim"]
[BlackTeam "USV Volksbank Halle"]

1. e4 d6 2. d4 Nf6 3. Nc3 g6 4. Nf3 Bg7 5. Bg5 O-O 6. Bc4 Bg4 7. h3 Bxf3 8.
Qxf3 Nbd7 9. O-O c5 10. d5 a6 11. Qe3 b5 12. Be2 b4 13. Nd1 Re8 14. f4 Nxd5 15.
Qg3 Bd4+ 16. Kh1 Nc7 17. f5 Be5 18. Qf2 Nf6 19. fxg6 hxg6 20. Bxf6 Bxf6 21. Rb1
Ne6 22. Bg4 Ng5 23. Qf4 e6 24. c3 Be5 25. Qf2 Nxe4 26. Qxf7+ Kh8 27. Re1 Ng3+
28. Kg1 Qb6 29. Qxg6 c4+ 30. Ne3 Nf5 31. Qh5+ Kg8 32. Qg5+ Bg7 33. cxb4 Nxe3
34. Rxe3 Rac8 35. Kh1 d5 36. Ree1 Rc6 37. Qg6 Kf8 38. Rf1+ Ke7 39. Qxg7+ Kd8
40. Bh5 Rc7 41. Qf6+ Ree7 42. Qf8+ Kd7 43. Be8+ Rxe8 44. Qg7+ Kd8 45. Qg5+ Rce7
46. Rf7 Qd6 47. Qf6 Kd7 48. Rxe7+ Rxe7 49. a3 d4 50. Ra1 d3 51. Qf3 Qd5 52.
Qxd5+ exd5 53. Kg1 Re2 54. Kf1 Rxb2 55. g4 c3 56. Rd1 Ke7 57. Rxd3 c2 58. Rxd5
Ke6 59. Rc5 Rb1+ 60. Ke2 c1=Q 61. Rxc1 Rxc1 62. h4 Rg1 63. Kf3 Kf6 64. Kf4 Rf1+
65. Kg3 Kg6 66. a4 Rb1 67. b5 a5 68. Kf4 Rb4+ 69. Ke5 Rxa4 70. h5+ Kg5 71. h6
Kxh6 72. Kf5 Rb4 73. g5+ Kg7 74. b6 Rxb6 0-1

[Event "SC Forchheim-USV Volksbank Halle"]
[Site "?"]
[Date "2009.12.28"]
[Round "3.3"]
[White "Niggl, Michael"]
[Black "Braun, Kristin"]
[Result "0-1"]
[WhiteElo "1094"]
[BlackElo "1335"]
[PlyCount "58"]
[EventDate "2009.??.??"]
[WhiteTeam "USV Volksbank Halle"]
[BlackTeam "SC Forchheim"]

1. c4 e5 2. Nc3 Nf6 3. g3 g6 4. Bg2 Bg7 5. Nf3 Nc6 6. O-O O-O 7. d3 d6 8. Bg5
Bg4 9. Ne1 Bd7 10. Nc2 h6 11. Bd2 Re8 12. b4 Rb8 13. a4 b6 14. b5 Na5 15. Na2
c6 16. Bxa5 bxa5 17. bxc6 Be6 18. Nc3 d5 19. c5 a6 20. Rb1 Qc7 21. d4 e4 22. f3
Qxc6 23. Ne3 Rb4 24. fxe4 Nxe4 25. Nxe4 dxe4 26. Rxb4 axb4 27. Qa1 Rd8 28. Rd1
Bb3 29. Rb1 Bxd4 0-1

[Event "SC Forchheim-USV Volksbank Halle"]
[Site "?"]
[Date "2009.12.28"]
[Round "3.4"]
[White "Bodky, Daniel"]
[Black "zur Nieden, Philipp"]
[Result "0-1"]
[WhiteElo "1064"]
[BlackElo "1079"]
[PlyCount "60"]
[EventDate "2009.??.??"]
[WhiteTeam "SC Forchheim"]
[BlackTeam "USV Volksbank Halle"]

1. c4 c5 2. Nc3 b6 3. Nf3 Bb7 4. e3 Nc6 5. d4 Nf6 6. g3 g6 7. Bg2 Bg7 8. d5 Nb8
9. O-O O-O 10. Ng5 d6 11. Qd3 Nbd7 12. Nge4 Ne5 13. Nxf6+ Bxf6 14. Qe2 Ba6 15.
Ne4 Bxc4 16. Qd2 Bxf1 17. Bxf1 Nf3+ 18. Kg2 Nxd2 19. Bxd2 Bxb2 20. Rd1 e6 21.
dxe6 fxe6 22. f3 d5 23. Nf2 Qf6 24. Ng4 Qxf3+ 25. Kh3 h5 26. Ne5 Qxd1 27. Bg2
Bxe5 28. Be4 dxe4 29. Bc3 Bxc3 30. g4 Qxg4# 0-1

[Event "SG Turm Raesfeld-SV Motor Eberswalde"]
[Site "?"]
[Date "2009.12.28"]
[Round "3.1"]
[White "Wenzke, Tim"]
[Black "Suer, Maximilian"]
[Result "0-1"]
[WhiteElo "1506"]
[BlackElo "1153"]
[PlyCount "62"]
[EventDate "2009.??.??"]
[WhiteTeam "SV Motor Eberswalde"]
[BlackTeam "SG Turm Raesfeld"]

1. d4 d5 2. Bf4 e6 3. e3 Nf6 4. Nf3 Nbd7 5. Bd3 Be7 6. O-O b6 7. c3 Bb7 8. Qc2
Rc8 9. Nbd2 c5 10. Ne5 c4 11. Be2 O-O 12. Bf3 Nxe5 13. Bxe5 Bd6 14. Bxd6 Qxd6
15. e4 e5 16. dxe5 Qxe5 17. exd5 Bxd5 18. Rfe1 Qg5 19. Bxd5 Nxd5 20. Nf3 Qg4
21. Ne5 Qg5 22. Qa4 Nf4 23. g3 Nh3+ 24. Kf1 Qf5 25. Re2 Rfe8 26. Qd7 Rxe5 27.
Qxc8+ Qxc8 28. Rxe5 h6 29. Rae1 Qc6 30. Re8+ Kh7 31. R1e7 Qf3 0-1

[Event "SG Turm Raesfeld-SV Motor Eberswalde"]
[Site "?"]
[Date "2009.12.28"]
[Round "3.2"]
[White "Ridder, David"]
[Black "Tesch, Davy"]
[Result "1/2-1/2"]
[WhiteElo "1251"]
[BlackElo "1303"]
[PlyCount "54"]
[EventDate "2009.??.??"]
[WhiteTeam "SG Turm Raesfeld"]
[BlackTeam "SV Motor Eberswalde"]

1. e4 c5 2. Nf3 a6 3. d3 e6 4. Be3 Nc6 5. Nbd2 Be7 6. Be2 Qc7 7. c3 d5 8. d4
cxd4 9. cxd4 Nf6 10. Qc2 dxe4 11. Nxe4 Nd5 12. a3 Bd7 13. Rc1 Rc8 14. O-O O-O
15. Nfg5 f5 16. Bd3 h6 17. Nh3 Bf6 18. Qb3 Be7 19. Rfe1 Qb6 20. Qa2 Qd8 21. Bc4
Nc7 22. Bf4 g5 23. Bxc7 Rxc7 24. Bxe6+ Bxe6 25. Qxe6+ Kg7 26. Nc5 Rf6 27. Qc4
Bd6 1/2-1/2

[Event "SG Turm Raesfeld-SV Motor Eberswalde"]
[Site "?"]
[Date "2009.12.28"]
[Round "3.3"]
[White "Mätzkow, Maximilian Paul"]
[Black "Springenberg, Christoph"]
[Result "1/2-1/2"]
[WhiteElo "1366"]
[BlackElo "1147"]
[PlyCount "119"]
[EventDate "2009.??.??"]
[WhiteTeam "SV Motor Eberswalde"]
[BlackTeam "SG Turm Raesfeld"]

1. d4 d5 2. Nf3 Nc6 3. e3 Bg4 4. Be2 e6 5. Nbd2 Nf6 6. O-O Bd6 7. h3 Bh5 8. c3
O-O 9. Qc2 Bg6 10. Bd3 Bxd3 11. Qxd3 e5 12. e4 exd4 13. cxd4 dxe4 14. Nxe4 Nb4
15. Qb1 Re8 16. Nxf6+ Qxf6 17. Bg5 Qg6 18. Qxg6 fxg6 19. a3 Nc6 20. Rae1 Rxe1
21. Rxe1 h6 22. Bd2 Rd8 23. Bc3 b5 24. Ne5 Bxe5 25. dxe5 Re8 26. f4 Nd8 27. Rd1
Ne6 28. g3 Rd8 29. Rxd8+ Nxd8 30. Kf2 Kf7 31. Ke3 Ke6 32. Kd4 c6 33. Bb4 Nb7
34. g4 a5 35. Bd2 a4 36. Bb4 h5 37. Ke4 c5 38. Bc3 Nd8 39. Ba5 Nc6 40. Bb6 c4
41. Bc5 Na5 42. f5+ gxf5+ 43. gxf5+ Kd7 44. e6+ Ke8 45. e7 Nc6 46. f6 gxf6 47.
Kf5 Nxe7+ 48. Kxf6 Nd5+ 49. Kg5 Kf7 50. Kxh5 Nf4+ 51. Kg4 Nd3 52. Bd4 Kg6 53.
h4 b4 54. axb4 Nxb4 55. h5+ Kh6 56. Be3+ Kh7 57. Kg5 Nd3 58. Bd4 Ne1 59. Kf5
Nc2 60. Bc3 1/2-1/2

[Event "SG Turm Raesfeld-SV Motor Eberswalde"]
[Site "?"]
[Date "2009.12.28"]
[Round "3.4"]
[White "Tünte, Hendrik"]
[Black "Windschügl, Martin"]
[Result "1-0"]
[WhiteElo "1049"]
[BlackElo "1140"]
[PlyCount "91"]
[EventDate "2009.??.??"]
[WhiteTeam "SG Turm Raesfeld"]
[BlackTeam "SV Motor Eberswalde"]

1. e4 d5 2. exd5 Qxd5 3. Nc3 Qa5 4. Nf3 Nf6 5. Be2 Bf5 6. O-O e6 7. a3 c6 8. d3
Bd6 9. Bg5 Nbd7 10. Re1 Qc7 11. Bh4 Bg4 12. Bg3 Bxg3 13. fxg3 Qb6+ 14. Kh1 Qxb2
15. Ne4 Nxe4 16. dxe4 Qb6 17. Nd4 Bxe2 18. Rxe2 Rd8 19. Rd2 Nf6 20. Rb1 Qa6 21.
Nf3 Rxd2 22. Nxd2 Ke7 23. e5 Nd7 24. Nf3 Rd8 25. Qd6+ Ke8 26. Qc7 Nc5 27. Ng5
Nd7 28. Nxf7 Kxf7 29. Qxd8 Nxe5 30. Qc7+ Kf6 31. Re1 h6 32. Qxe5+ Kg6 33. Qxe6+
Kh5 34. Qf5+ g5 35. g4+ Kh4 36. g3+ Kh3 37. Qf1+ Kxg4 38. Qxa6 bxa6 39. Re6 h5
40. Rxc6 a5 41. Ra6 Kf5 42. Rxa5+ Kg6 43. Rxa7 Kf5 44. Ra5+ Ke4 45. Rxg5 Kd4
46. Rxh5 1-0

[Event "SV Ahlen 54-SV Unterkochen"]
[Site "?"]
[Date "2009.12.28"]
[Round "3.1"]
[White "Deguenther, Julius"]
[Black "Huckebrink, Chris"]
[Result "0-1"]
[WhiteElo "1247"]
[BlackElo "1711"]
[PlyCount "88"]
[EventDate "2009.??.??"]
[WhiteTeam "SV Unterkochen"]
[BlackTeam "SV Ahlen 54"]

1. e4 c5 2. d3 Nc6 3. Nf3 g6 4. g3 Bg7 5. c3 e6 6. Nbd2 Nge7 7. Bg2 O-O 8. O-O
d6 9. Qe2 Rb8 10. Re1 b5 11. Nf1 a5 12. Be3 b4 13. c4 a4 14. Rab1 e5 15. h3 f6
16. Kh2 Be6 17. Ng1 Nd4 18. Bxd4 cxd4 19. Nd2 f5 20. exf5 gxf5 21. f3 d5 22.
cxd5 Bxd5 23. b3 axb3 24. axb3 Bh6 25. Nc4 Bxc4 26. bxc4 Be3 27. Qd1 f4 28. g4
Qb6 29. Rb3 Ra8 30. Ne2 Nc6 31. Qc2 Na5 32. Rbb1 b3 33. Qd1 Qb4 34. Rf1 Rfb8
35. Rb2 Nc6 36. Qb1 Bd2 37. Qd1 Bc3 38. Rb1 Ra2 39. Nc1 Ra3 40. Ne2 Rba8 41. h4
b2 42. Nxc3 dxc3 43. Qe2 Qb3 44. Rxb2 Qxb2 0-1

[Event "SV Ahlen 54-SV Unterkochen"]
[Site "?"]
[Date "2009.12.28"]
[Round "3.2"]
[White "Klötzel, Eric"]
[Black "Basaran, Mehmet"]
[Result "1/2-1/2"]
[WhiteElo "1190"]
[BlackElo "1106"]
[PlyCount "92"]
[EventDate "2009.??.??"]
[WhiteTeam "SV Ahlen 54"]
[BlackTeam "SV Unterkochen"]

1. d4 Nf6 2. c4 g6 3. Nc3 Bg7 4. Nf3 O-O 5. e4 d6 6. Bg5 h6 7. Bh4 g5 8. Bg3
Nh5 9. Be2 f5 10. exf5 Bxf5 11. Bd3 Bg4 12. d5 Nd7 13. Qe2 Nxg3 14. hxg3 Ne5
15. Be4 Rf6 16. Nb5 a6 17. Nbd4 Qd7 18. Qc2 Bxf3 19. Nxf3 Nxf3+ 20. Bxf3 c6 21.
Qe4 cxd5 22. Qxd5+ Qe6+ 23. Qxe6+ Rxe6+ 24. Kf1 Kh7 25. Bxb7 Bxb2 26. Rb1 Rb8
27. Rxb2 Kg7 28. Rb3 Re5 29. Bxa6 Rxb3 30. axb3 Ra5 31. Ke2 Rxa6 32. Rb1 Rb6
33. Kd3 Kf6 34. Ke4 Ke6 35. b4 h5 36. f4 gxf4 37. gxf4 Kf6 38. g3 e6 39. b5 Kg6
40. Ra1 d5+ 41. cxd5 exd5+ 42. Kxd5 Rxb5+ 43. Ke4 Rb3 44. Rg1 Kf6 45. g4 hxg4
46. Rxg4 Rb4+ 1/2-1/2

[Event "SV Ahlen 54-SV Unterkochen"]
[Site "?"]
[Date "2009.12.28"]
[Round "3.3"]
[White "Zoller, Philipp"]
[Black "Wefers, Simon"]
[Result "1-0"]
[WhiteElo "1021"]
[BlackElo "1015"]
[PlyCount "110"]
[EventDate "2009.??.??"]
[WhiteTeam "SV Unterkochen"]
[BlackTeam "SV Ahlen 54"]

1. e4 e6 2. d3 d5 3. Nd2 dxe4 4. dxe4 Nc6 5. Ngf3 Nf6 6. g3 Bc5 7. Bg2 O-O 8.
O-O b6 9. Qe2 Bb7 10. Rd1 Qe7 11. Nb3 Bb4 12. a3 Ba5 13. Nxa5 Nxa5 14. Bg5 h6
15. Bxf6 Qxf6 16. b3 Nc6 17. Rac1 Rad8 18. h3 Qe7 19. a4 Rd6 20. Rd2 Rxd2 21.
Qxd2 Rd8 22. Qe2 Qd7 23. Nh2 Qd2 24. Qxd2 Rxd2 25. Nf1 Rd8 26. Ne3 Nd4 27. Rd1
Nc6 28. Rxd8+ Nxd8 29. f4 Kh7 30. Kf2 Kg6 31. g4 f6 32. Ke2 Nf7 33. f5+ exf5
34. exf5+ Kg5 35. Bxb7 Kh4 36. Bg2 Ng5 37. c3 Kg3 38. c4 Nf7 39. Bf1 Nd6 40.
Nd5 c6 41. Nc3 Nb7 42. b4 Nd6 43. Ke3 Nb7 44. Ne4+ Kh4 45. b5 c5 46. Kf3 Na5
47. Nc3 Nb3 48. Ke3 Kg3 49. Ne2+ Kh4 50. Bg2 Na5 51. Ke4 Nxc4 52. Kd5 Na5 53.
Ke6 Kg5 54. Kf7 c4 55. Kxg7 Nb7 1-0

[Event "SV Ahlen 54-SV Unterkochen"]
[Site "?"]
[Date "2009.12.28"]
[Round "3.4"]
[White "Volesky, Anna-Katharina"]
[Black "Haidl, Richard"]
[Result "1-0"]
[WhiteElo "1026"]
[BlackElo "995"]
[PlyCount "77"]
[EventDate "2009.??.??"]
[WhiteTeam "SV Ahlen 54"]
[BlackTeam "SV Unterkochen"]

1. e4 e5 2. Nf3 Nc6 3. Bc4 Bc5 4. b4 Bxb4 5. c3 Ba5 6. d4 exd4 7. O-O dxc3 8.
Qb3 Nh6 9. Re1 O-O 10. Bg5 Qe8 11. Bxh6 gxh6 12. Nxc3 d6 13. Re2 Bg4 14. Nd5
Kg7 15. Qb2+ f6 16. Re3 Ne5 17. Nxe5 Qxe5 18. Qxe5 fxe5 19. Rg3 h5 20. h3 c6
21. Ne3 Bc3 22. Rd1 Bd4 23. Nf5+ Kf6 24. hxg4 hxg4 25. Nxd4 exd4 26. Rxd4 Ke5
27. Rgd3 Rad8 28. Rd2 b5 29. Be2 Rf4 30. f3 h5 31. Kf2 gxf3 32. Bxf3 h4 33. g3
hxg3+ 34. Kxg3 c5 35. Rd5+ Ke6 36. Kxf4 a5 37. Bg4+ Ke7 38. e5 dxe5+ 39. Kxe5
1-0

[Event "SC Eppelborn-SC Widdern"]
[Site "?"]
[Date "2009.12.28"]
[Round "3.1"]
[White "Schissler, Cornelius"]
[Black "Dickmann, Christopher"]
[Result "0-1"]
[WhiteElo "1263"]
[BlackElo "1212"]
[PlyCount "100"]
[EventDate "2009.??.??"]
[WhiteTeam "SC Widdern"]
[BlackTeam "SC Eppelborn"]

1. e4 e5 2. Nf3 Nc6 3. Bb5 d6 4. h3 Nf6 5. d3 Be7 6. Be3 O-O 7. Nc3 Be6 8. d4
exd4 9. Nxd4 Nxd4 10. Bxd4 c6 11. Bd3 a5 12. O-O b5 13. f3 b4 14. Nb1 c5 15.
Be3 Nd7 16. f4 Nb6 17. b3 Bf6 18. c3 a4 19. Bc2 axb3 20. Bxb3 c4 21. e5 cxb3
22. exf6 b2 23. Nd2 bxa1=Q 24. Qxa1 Rxa2 25. Qb1 b3 26. Nxb3 Bxb3 27. Qxb3 Qa8
28. Rf2 Rxf2 29. Bxf2 Nd5 30. fxg7 Rb8 31. Qc4 Rb2 32. Qd4 Qa2 33. c4 Rd2 34.
Qe4 Rxf2 35. Qxd5 Rd2 36. Qc6 Qa1+ 37. Kh2 Qxg7 38. Qc8+ Qf8 39. Qg4+ Kh8 40.
Qg5 f6 41. Qf5 Ra2 42. h4 Ra7 43. h5 Re7 44. Qd5 Qh6 45. Qxd6 Qxh5+ 46. Kg3
Re3+ 47. Kf2 Qe2+ 48. Kg1 Qe1+ 49. Kh2 Qh4+ 50. Kg1 Re1# 0-1

[Event "SC Eppelborn-SC Widdern"]
[Site "?"]
[Date "2009.12.28"]
[Round "3.2"]
[White "Klesen, Jonas"]
[Black "Dirks, Alexander"]
[Result "1-0"]
[WhiteElo "995"]
[BlackElo "1107"]
[PlyCount "43"]
[EventDate "2009.??.??"]
[WhiteTeam "SC Eppelborn"]
[BlackTeam "SC Widdern"]

1. e4 e5 2. Nc3 Nf6 3. f4 d6 4. Nf3 Nc6 5. Bb5 exf4 6. d4 a6 7. Bxc6+ bxc6 8.
O-O Be7 9. Bxf4 O-O 10. Qe2 Re8 11. Rad1 a5 12. Qe1 d5 13. e5 Nd7 14. e6 Nf6
15. exf7+ Kxf7 16. Qg3 Ng4 17. Bxc7 Qd7 18. Ne5+ Kg8 19. Nxd7 Bxd7 20. Rde1 c5
21. Nxd5 Ra7 22. Rxe7 1-0

[Event "SC Eppelborn-SC Widdern"]
[Site "?"]
[Date "2009.12.28"]
[Round "3.3"]
[White "Weinmeister, Nico"]
[Black "Jankir, Hevidar"]
[Result "1-0"]
[WhiteElo "1075"]
[BlackElo "926"]
[PlyCount "85"]
[EventDate "2009.??.??"]
[WhiteTeam "SC Widdern"]
[BlackTeam "SC Eppelborn"]

1. e4 e5 2. Nf3 Nc6 3. d4 Bd6 4. Bc4 Nf6 5. Nc3 exd4 6. Nxd4 Nxd4 7. Qxd4 Be7
8. Be3 c5 9. Qd3 d6 10. O-O-O O-O 11. f4 Bg4 12. Ne2 Bxe2 13. Qxe2 Nxe4 14. Qf3
Nf6 15. Qxb7 Qd7 16. Qf3 Qa4 17. Bb3 Qa5 18. Rhe1 Qc7 19. f5 a5 20. a4 Qb6 21.
Bd2 Rfe8 22. Qg3 Rab8 23. Bh6 Bf8 24. Rxe8 Nxe8 25. Be3 Nc7 26. f6 g6 27. h4 h5
28. Qf4 Ne6 29. Bxe6 Qxb2+ 30. Kd2 fxe6 31. f7+ Kh7 32. Qg5 Bg7 33. g4 Bc3+ 34.
Ke2 Bg7 35. gxh5 Qxc2+ 36. Rd2 Qc4+ 37. Ke1 Rb1+ 38. Rd1 Bc3+ 39. Kf2 Qa2+ 40.
Rd2 Qxd2+ 41. Bxd2 Bxd2 42. Qxg6+ Kh8 43. Qg8# 1-0

[Event "SC Eppelborn-SC Widdern"]
[Site "?"]
[Date "2009.12.28"]
[Round "3.4"]
[White "Jankir, Delschad"]
[Black "Hoffmann, Jens"]
[Result "0-1"]
[WhiteElo "758"]
[BlackElo "899"]
[PlyCount "82"]
[EventDate "2009.??.??"]
[WhiteTeam "SC Eppelborn"]
[BlackTeam "SC Widdern"]

1. e4 e5 2. Nf3 Nc6 3. Nc3 Nf6 4. Bb5 a6 5. Ba4 Bc5 6. d3 d6 7. Bg5 Bg4 8. Nd5
h6 9. Bxf6 gxf6 10. c3 b5 11. Bb3 Be6 12. O-O Bxd5 13. Bxd5 Qd7 14. d4 Bb6 15.
a4 O-O-O 16. axb5 axb5 17. Qb3 Nb8 18. Bxf7 Qe7 19. Be6+ Kb7 20. Bf5 Rdg8 21.
Be6 Rg7 22. Bh3 h5 23. Qe6 Qf8 24. dxe5 fxe5 25. Qf5 Qg8 26. g3 Rf7 27. Qe6
Rxf3 28. Qxg8 Rxg8 29. Bg2 Rf6 30. Kh1 Rfg6 31. f4 h4 32. f5 Rg5 33. f6 hxg3
34. f7 Rh5 35. h3 Rf8 36. Rad1 Rh7 37. Rd3 Bf2 38. Rf3 Rfxf7 39. b3 Rxf3 40.
Bxf3 Rxh3+ 41. Kg2 Rh2# 0-1

[Event "SC Eppelborn-SC Widdern"]
[Site "?"]
[Date "2009.12.28"]
[Round "3.4"]
[White "Jankir, Delschad"]
[Black "Hoffmann, Jens"]
[Result "0-1"]
[WhiteElo "758"]
[BlackElo "899"]
[PlyCount "82"]
[EventDate "2009.??.??"]
[WhiteTeam "SC Eppelborn"]
[BlackTeam "SC Widdern"]

1. e4 e5 2. Nf3 Nc6 3. Nc3 Nf6 4. Bb5 a6 5. Ba4 Bc5 6. d3 d6 7. Bg5 Bg4 8. Nd5
h6 9. Bxf6 gxf6 10. c3 b5 11. Bb3 Be6 12. O-O Bxd5 13. Bxd5 Qd7 14. d4 Bb6 15.
a4 O-O-O 16. axb5 axb5 17. Qb3 Na7 18. Bxf7 Qe7 19. Be6+ Kb7 20. Bf5 Rdg8 21.
Be6 Rg7 22. Bh3 h5 23. Qe6 Qf8 24. dxe5 fxe5 25. Qf5 Qg8 26. g3 Rf7 27. Qe6
Rxf3 28. Qxg8 Rxg8 29. Bg2 Rf6 30. Kh1 Rfg6 31. f4 h4 32. f5 Rg5 33. f6 hxg3
34. f7 Rh5 35. h3 Rf8 36. Rad1 Rh7 37. Rd3 Bf2 38. Rf3 Rfxf7 39. b3 Rxf3 40.
Bxf3 Rxh3+ 41. Kg2 Rh2# 0-1